Españoles famosos por imagen #3 - Estadísticas

Estadísticas generales
  • Esta prueba ha sido intentada 4.167 veces
  • La puntuación promedio es 11 de 20
Estadísticas de respuestas
Imagen Respuesta % Correcto
Pedro Sánchez
97%
Andrés Iniesta
96%
David Bisbal
92%
Ramón Melendi Espina
89%
Raphael
82%
Pilar Rubio
75%
Federico García Lorca
71%
Joaquín Sabina
68%
Yolanda Díaz
67%
Carolina Marín
53%
Lola Flores
51%
Ana Mena
49%
Clara Campoamor
32%
Rosalía de Castro
31%
Rossy de Palma
30%
El Greco
26%
Xurxo Carreño
22%
Fito Cabrales
19%
Nadia María Calviño
16%
Juan de la Cruz
10%
No se encontraron pruebas coincidentes
Distribución de puntuación
Porcentaje de gente con cada puntuación
Porcentaje por número respondido
Historial de tus puntuaciones
No has intentado esta prueba.